00419nam a22001452 4500001001100000005001700011008004100028040001500069050001900084100002800103245005200131260003200183300001100215600004700226000000186120151217155813.0070328s xx 000 0 eng d aKABUcKABU 0aBV3625b.U4K581 aLuck, Anne.@000015092010aAfrican saint :bthe story of Apolo Kivebulaya. aLondon :bSCM Press,c1963. a188 p.10aKivebulaya, Apolo,d1864-1933.@0000150921